Statistiques concernant Focus sur: Dírhaval - Tolkien

Cliquez ici pour prendre le quiz!

Statistiques générales

  • Ce quiz a été pris 2 fois
  • Le résultat moyen est 4 sur 7

Statistiques - réponses

Informations recherchéesRéponses% Correct
EspèceHomme
100%
Première apparitionLe Silmarillion
100%
Ages durant lequel il vécutPremier
100%
ProfessionPoète
50%
ContréeBouches du Sirion
0%
ŒuvreLai des Enfants de Húrin
0%
Maison (lignée)Peuple de Hador
0%

Distribution des résultats

Percentile par nombre de réponses

% des personnes avec chaque résultat

Votre développement - résultats

Vous n’avez pas pris ce quiz